| 000 | 00802nam a22003137a 4500 | ||
|---|---|---|---|
| 001 | BR6008958 | ||
| 003 | BR-BrBNA | ||
| 005 | 20230928095831.0 | ||
| 007 | ta | ||
| 008 | 230509b bl.||||| |||| 00| 0 por d | ||
| 040 |
_aBR-BrBNA _bpor _cBiblioteca Nacional de Agricultura |
||
| 041 | _a(Por) | ||
| 072 |
_aE10 _b9320 _b9920 _b9400 _b0400 |
||
| 090 | _ 9320 BR6008958 | ||
| 100 | 1 | _aPeres, A. | |
| 100 | 1 | _aCavalcanti, M.M. | |
| 245 | 1 | _aIndustrias de Pernambuco | |
| 260 | 3 |
_aRecife, PE (Brasil): _bImprensa Industrial, _c1935. |
|
| 300 | _a148 p. | ||
| 650 | _aMacroeconomia | ||
| 650 | _aAcucar | ||
| 650 | _aAguardente | ||
| 650 | _aDoce | ||
| 650 | _aPlanta Textil | ||
| 650 | _aLaticinio | ||
| 650 | _aIndustria Agricola | ||
| 909 |
_a202309 _bLucia _c55 _dLucia Elande |
||
| 942 | _cBK | ||
| 999 |
_c58922 _d58922 |
||